South East News (Record no. 118849)

MARC details
000 -LEADER
fixed length control field 00521cas a22001815a 4500
001 - CONTROL NUMBER
control field L1313921
008 - FIXED-LENGTH DATA ELEMENTS--GENERAL INFORMATION
fixed length control field 051028n2001 xxktr p a eng u
035 ## - SYSTEM CONTROL NUMBER
System control number (Sirsi) u131392
041 ## - LANGUAGE CODE
Language code of text/sound track or separate title eng
110 ## - MAIN ENTRY--CORPORATE NAME
Corporate name or jurisdiction name as entry element Royal Institution of Chartered Surveyors
Subordinate unit South East Region
9 (RLIN) 5219
245 00 - TITLE STATEMENT
Title South East News
260 ## - PUBLICATION, DISTRIBUTION, ETC.
Place of publication, distribution, etc. Sevenoaks
Name of publisher, distributor, etc. RICS
Date of publication, distribution, etc. 2001-
362 ## - DATES OF PUBLICATION AND/OR SEQUENTIAL DESIGNATION
Dates of publication and/or sequential designation September 2001-
554 ## -
-- Three per year
651 #4 - SUBJECT ADDED ENTRY--GEOGRAPHIC NAME
Geographic name SOUTH EAST ENGLAND
690 ## - LOCAL SUBJECT ADDED ENTRY--TOPICAL TERM (OCLC, RLIN)
Topical term or geographic name as entry element MANAGEMENT-BUSINESS MANAGEMENT-PROFESSIONAL PRACTICE
942 ## - ADDED ENTRY ELEMENTS (KOHA)
Suppress in OPAC 0
Holdings
Withdrawn status Lost status Source of classification or shelving scheme Damaged status Not for loan Home library Current library Shelving location Date acquired Total Checkouts Full call number Barcode Date last seen Copy number Price effective from Koha item type
    Dewey Decimal Classification     London London Gallery 28/10/2005   RICS SOUTH EAST NEWS 131392-1001 06/08/2019 1 06/08/2019 Reference material